000 01612nam a2200301Ia 4500
999 _c39865
_d39865
001 6470
003 GE_BSU
005 20191115160916.0
008 181216s1991||||ge |||||||||||||| ||geo||
020 _a5505012485
040 _cGE_BSU
041 _ageo
080 _a514(075.3) მ-15
245 _aმათემატიკა :
_bნ.2 : გეომეტრია (თეორია და ამოცანათა კრებული). სახელმძღვ. უმაღ. სასწ. მოსამზ. განყ. მსმენელებისა და აბიტურიენტებისათვის /
_cს. თოფურია, გ. აბესაძე, გ. ოზბეგაშვილი და სხვ. ; რედ.: ს. თოფურია
250 _a მე-3 გადამუშავებული და შევსებული გამოცემა.
264 _aთბილისი :
_bგანათლება,
_c1991.
300 _a599 გვ.;
_b21 სმ.
504 _aბიბლიოგრ.: გვ. 591.
541 _h18ლ.
653 _aგეომეტრია
653 _aმათემატიკა
700 _a თოფურია, ს.
_eავტორი
_95366
700 _aაბესაძე, გ.
_eავტორი
_91415
700 _aოზბეგაშვილი, გ
_eავტორი
_91416
700 _a ხოჭოლავა, ვ.
_eავტორი
_95367
700 _aმეტრეველი, ზ.
_eავტორი
_95368
942 _cBK
_2udc